000
00348nam a2200157Ia 4500
003
0STCL
008
150530s9999 xx 000 0 und d
040
_a
STCL
_c
STCL
100
_a
Rapaport, S.T.
245
4
_a
The bear
260
_b
Chatto and Windus
_c
1947
546
_a
English
942
_2
ddc
_c
BK
999
_c
45438
_d
45438
005
20220125170650.0